[Event "4NCL Online Division 2"]
[Site "online"]
[Date "2020.04.07"]
[Round "1.112"]
[White "Morley, Andrew J"]
[Black "Davis, Holden"]
[Result "1/2-1/2"]
[WhiteElo "2065"]
[BlackElo "1982"]
[PlyCount "134"]
[EventDate "2020.04.07"]
[WhiteTeam "Wigston 1"]
[BlackTeam "Maryport Assassins A"]

1. e4 e6 2. d4 d5 3. Nc3 Bb4 4. e5 c5 5. a3 Bxc3+ 6. bxc3 Qa5 7. Bd2 Qa4 8. Nf3
Nc6 9. Be3 c4 10. g3 Bd7 11. Bg2 O-O-O 12. O-O Nge7 13. Qe2 Rdf8 14. Nh4 Ng6
15. Nf3 Nge7 16. h4 h6 17. Nh2 Kb8 18. f4 Nf5 19. Bf2 h5 20. Bh3 Nfe7 21. Rfb1
Ka8 22. Nf1 g6 23. Kh2 Nc8 24. Ne3 Qa5 25. Qd2 Nb6 26. Be1 Na4 27. Nd1 f6 28.
exf6 Rxf6 29. Ne3 Rhf8 30. Nd1 Bc8 31. Nb2 Bd7 32. Nxa4 Qxa4 33. Rb2 Ne7 34.
Rb4 Qa6 35. a4 Nc8 36. a5 Nd6 37. Rbb1 Ne4 38. Qe3 Bc8 39. Bg2 Nd6 40. Qe5 Qc6
41. Rb2 Qd7 42. Qe2 Nf5 43. a6 b6 44. Qxc4 Ne3 45. Qe2 Nxg2 46. Qxg2 Qc6 47.
Rb3 Qc4 48. Rba3 Bd7 49. Rb1 Bb5 50. Rb4 Qe2 51. Qxe2 Bxe2 52. Kg2 Rc8 53. Kf2
Bc4 54. Rb1 Rc6 55. Rba1 Rf8 56. Ke3 Kb8 57. Bf2 Rfc8 58. Kd2 Kc7 59. Rg1 Kd6
60. g4 Rf8 61. gxh5 gxh5 62. Rg5 Rf5 63. Rg7 Rc7 64. Rg6 Ke7 65. Rg7+ Kd6 66.
Rg6 Ke7 67. Rg7+ Kd6 1/2-1/2

[Event "4NCL Online Division 2"]
[Site "online"]
[Date "2020.04.07"]
[Round "1.113"]
[White "Hart, Roger"]
[Black "Horspool, Philip J"]
[Result "0-1"]
[WhiteElo "1915"]
[BlackElo "2057"]
[PlyCount "80"]
[EventDate "2020.04.07"]
[WhiteTeam "Maryport Assassins A"]
[BlackTeam "Wigston 1"]

1. d4 Nf6 2. f3 d5 3. e4 dxe4 4. Nc3 exf3 5. Nxf3 Bf5 6. Bc4 c6 7. O-O e6 8.
Bg5 Be7 9. Qe2 Nbd7 10. Rad1 O-O 11. Ne5 Nb6 12. Bb3 Nbd5 13. Nxd5 cxd5 14. c3
h6 15. Bxf6 Bxf6 16. Bc2 Bxc2 17. Qxc2 Bxe5 18. dxe5 Rc8 19. Rd4 Qe7 20. Rg4
Qc5+ 21. Kh1 Qe3 22. Rg3 Qxe5 23. Qd2 Rc4 24. Rgf3 Re4 25. Qf2 Re2 26. Qc5 Re1
27. Qf2 Rxf1+ 28. Qxf1 Qe4 29. h3 Qc4 30. Qb1 Rd8 31. b3 Qe2 32. Rg3 Rc8 33.
Qc1 Qe5 34. Kh2 d4 35. c4 Rd8 36. Qd2 d3 37. b4 Kf8 38. a4 Rd4 39. c5 h5 40. h4
Rxh4+ 0-1

[Event "4NCL Online Division 2"]
[Site "online"]
[Date "2020.04.07"]
[Round "1.114"]
[White "Lv, Jason"]
[Black "Sharkey, Gary"]
[Result "1-0"]
[WhiteElo "1907"]
[BlackElo "1765"]
[PlyCount "21"]
[EventDate "2020.04.07"]
[WhiteTeam "Wigston 1"]
[BlackTeam "Maryport Assassins A"]

1. d4 Nf6 2. Nf3 d6 3. Nbd2 g6 4. e4 Nbd7 5. Bc4 Bg7 6. e5 dxe5 7. dxe5 Nh5 8.
Ne4 Bxe5 9. Bxf7+ Kxf7 10. Nfg5+ Kg7 11. Ne6+ 1-0

[Event "4NCL Online Division 2"]
[Site "online"]
[Date "2020.04.07"]
[Round "1.121"]
[White "Raoof, Adam N"]
[Black "Martin, Lewis"]
[Result "1-0"]
[WhiteElo "2080"]
[BlackElo "2275"]
[PlyCount "111"]
[EventDate "2020.04.07"]
[WhiteTeam "Mushrooms 1"]
[BlackTeam "Downend 1"]

1. e4 c5 2. Nc3 Nc6 3. f4 g6 4. Nf3 Bg7 5. Bc4 e6 6. e5 d6 7. exd6 Qxd6 8. d3
Nf6 9. O-O O-O 10. Ne4 Qe7 11. c3 b6 12. Qe2 Bb7 13. Bd2 Na5 14. Bb5 a6 15. Ba4
b5 16. Bc2 c4 17. Nxf6+ Bxf6 18. d4 Bd5 19. Rae1 Nb7 20. f5 Nd6 21. fxe6 fxe6
22. Ne5 Nf5 23. Ng4 Bg5 24. Be4 Rae8 25. Bxg5 Qxg5 26. Ne5 Nd6 27. Rxf8+ Rxf8
28. Bxd5 exd5 29. Nf3 Qf6 30. Qe6+ Qxe6 31. Rxe6 Rd8 32. Kf1 a5 33. a3 Kf7 34.
Ng5+ Kg7 35. Re5 Rf8+ 36. Ke2 Rf5 37. Rxf5 Nxf5 38. Ne6+ Kf6 39. Nc7 Ne7 40.
Nxb5 Ke6 41. Kf3 Nc8 42. Nc7+ Kd6 43. Na6 Ne7 44. Nc5 Kc6 45. Kf4 Nf5 46. g4
Nh4 47. h3 h6 48. Ke5 g5 49. Kf6 Nf3 50. Kg6 Ng1 51. Kxh6 Nxh3 52. Kg6 Kb5 53.
Kf5 Kc6 54. Ne6 Nf2 55. Nxg5 Kb5 56. Ne6 1-0

[Event "4NCL Online Division 2"]
[Site "online"]
[Date "2020.04.07"]
[Round "1.122"]
[White "Savory, Richard J"]
[Black "Ortiz Sanchez, Luis"]
[Result "1-0"]
[WhiteElo "2132"]
[BlackElo "1982"]
[PlyCount "127"]
[EventDate "2020.04.07"]
[WhiteTeam "Downend 1"]
[BlackTeam "Mushrooms 1"]

1. e4 c5 2. Nc3 Nc6 3. g3 g6 4. Bg2 Bg7 5. d3 d6 6. f4 Nf6 7. Nf3 O-O 8. O-O
Rb8 9. h3 b5 10. a3 a5 11. g4 b4 12. axb4 axb4 13. Ne2 Bb7 14. Ng3 Ra8 15. Rb1
Nd7 16. Be3 Nd4 17. Kh1 Nxf3 18. Bxf3 e6 19. f5 Qh4 20. Kg2 Ne5 21. Be2 exf5
22. gxf5 Bh6 23. Qd2 Bxe3 24. Qxe3 f6 25. Rf4 Qh6 26. h4 Rf7 27. Rbf1 g5 28.
hxg5 Qxg5 29. Rh1 Kf8 30. Rh5 Qg8 31. d4 cxd4 32. Qxd4 Ke7 33. Qxb4 Rb8 34. Qd4
Rg7 35. Rh3 Qc8 36. c3 Bc6 37. b4 Qb7 38. Kh2 Rbg8 39. Rfh4 Qa8 40. Rxh7 Qa2
41. Kg1 Qa1+ 42. Kf2 Qc1 43. Qe3 Qb2 44. Ke1 Qb1+ 45. Kd2 Qb2+ 46. Ke1 Qb1+ 47.
Bd1 Nd3+ 48. Kd2 Nb2 49. Qe2 Bb7 50. Bb3 Na4 51. Bxa4 Qa2+ 52. Bc2 Ba6 53. b5
Bb7 54. Qd3 Qa7 55. Qd4 Qb8 56. Bb3 d5 57. exd5 Qd6 58. Kc2 Bc8 59. c4 Rxh7 60.
Rxh7+ Kf8 61. Qe3 Bd7 62. c5 Rxg3 63. Qh6+ Ke8 64. Rh8+ 1-0

[Event "4NCL Online Division 2"]
[Site "online"]
[Date "2020.04.07"]
[Round "1.123"]
[White "Davies, Neil"]
[Black "Thompson, Robert"]
[Result "1/2-1/2"]
[WhiteElo "1937"]
[BlackElo "1985"]
[PlyCount "58"]
[EventDate "2020.04.07"]
[WhiteTeam "Mushrooms 1"]
[BlackTeam "Downend 1"]

1. Nf3 d6 2. d4 Nf6 3. g3 g6 4. Bg2 Bg7 5. O-O O-O 6. c4 Nc6 7. Nc3 a6 8. e4
Rb8 9. Qe2 e5 10. d5 Nd4 11. Nxd4 exd4 12. Nd1 c5 13. Rb1 b5 14. Bd2 Ng4 15. f4
f5 16. h3 Nh6 17. e5 Qe7 18. e6 Kh8 19. Nf2 Ng8 20. b3 Qf6 21. Kh2 Ne7 22. a4
b4 23. Nd3 Rd8 24. Nf2 a5 25. Nd3 Bb7 26. Qf2 Ba8 27. Qe2 Bb7 28. Qf2 Ba8 29.
Qe2 Bb7 1/2-1/2

[Event "4NCL Online Division 2"]
[Site "online"]
[Date "2020.04.07"]
[Round "1.124"]
[White "Meadows, Michael"]
[Black "Nash, Richard J"]
[Result "0-1"]
[WhiteElo "2012"]
[BlackElo "1937"]
[PlyCount "110"]
[EventDate "2020.04.07"]
[WhiteTeam "Downend 1"]
[BlackTeam "Mushrooms 1"]

1. e4 c5 2. Nf3 d6 3. d4 cxd4 4. Nxd4 Nf6 5. Nc3 g6 6. Be3 a6 7. f3 b5 8. Qd2
Bb7 9. g4 e5 10. Nb3 d5 11. g5 Nxe4 12. fxe4 d4 13. O-O-O Nc6 14. Qf2 Bd6 15.
Nd5 dxe3 16. Nf6+ Ke7 17. Qxe3 Nd4 18. Kb1 Qc7 19. Nxd4 exd4 20. Qxd4 Rhd8 21.
Nd5+ Bxd5 22. Qf6+ Kf8 23. exd5 Be5 24. Qf3 Rac8 25. Bd3 Qc5 26. Rhf1 Rd7 27.
Be4 Qb4 28. Qa3 Rc4 29. Rfe1 Qxa3 30. bxa3 Bxh2 31. Bd3 Rg4 32. Rh1 Be5 33.
Rxh7 Rxg5 34. c4 bxc4 35. Bxc4 Rd6 36. Rf1 Bg7 37. Rh3 Rg2 38. Rb3 f5 39. Rb7
Rh2 40. Rc1 Bf6 41. Bxa6 Rxd5 42. Rc8+ Bd8 43. Rc1 g5 44. Bc4 Re5 45. Rf7+ Ke8
46. Bb3 Be7 47. Rf1 f4 48. Rg7 f3 49. a4 f2 50. Rg8+ Kd7 51. Rd1+ Kc7 52. Bc4
Re1 53. Kc1 f1=Q 54. Bxf1 Ba3+ 55. Kb1 Rxd1# 0-1

[Event "4NCL Online Division 2"]
[Site "online"]
[Date "2020.04.07"]
[Round "1.131"]
[White "Garcia, Jason"]
[Black "Alizada, Eldar"]
[Result "1-0"]
[WhiteElo "2028"]
[BlackElo "2057"]
[PlyCount "73"]
[EventDate "2020.04.07"]
[WhiteTeam "Rhyfelwyr Essyllwg"]
[BlackTeam "Schach Attack"]

1. Nf3 d5 2. c4 e6 3. g3 Nf6 4. Bg2 Be7 5. O-O O-O 6. b3 c5 7. e3 Nc6 8. Bb2 b6
9. Qe2 Bb7 10. Rd1 Qc7 11. Nc3 dxc4 12. bxc4 Rac8 13. Rac1 Rfd8 14. d4 cxd4 15.
exd4 Na5 16. Nb5 Qb8 17. d5 Nxc4 18. Rxc4 Bxd5 19. Rxc8 Rxc8 20. Be5 Qb7 21.
Bxf6 gxf6 22. Ne1 Bxg2 23. Nxg2 Rc5 24. Nf4 a6 25. Nd6 Bxd6 26. Rxd6 Qc7 27.
Qd2 Kf8 28. Rxe6 Rc1+ 29. Re1 Rxe1+ 30. Qxe1 Qc4 31. Qe3 b5 32. Qb6 Qxa2 33.
Qd8+ Kg7 34. Nh5+ Kg6 35. Qxf6+ Kxh5 36. h3 Qa1+ 37. Qxa1 1-0

[Event "4NCL Online Division 2"]
[Site "online"]
[Date "2020.04.07"]
[Round "1.132"]
[White "Moyse, Nigel John"]
[Black "Hewitt, William"]
[Result "1-0"]
[WhiteElo "2035"]
[BlackElo "1997"]
[PlyCount "87"]
[EventDate "2020.04.07"]
[WhiteTeam "Schach Attack"]
[BlackTeam "Rhyfelwyr Essyllwg"]

1. d4 Nf6 2. Bf4 g6 3. e3 Bg7 4. Nd2 O-O 5. Be2 d6 6. Ngf3 b6 7. O-O Bb7 8. c3
Nbd7 9. h3 Qe8 10. Bh2 e5 11. dxe5 dxe5 12. Qc2 Qe7 13. Rad1 e4 14. Nd4 Ne5 15.
Nc4 Nxc4 16. Bxc4 a6 17. Rd2 Rfd8 18. Rfd1 Bf8 19. a4 Ne8 20. Ne2 Bg7 21. Bd5
Bxd5 22. Rxd5 Nf6 23. Rxd8+ Rxd8 24. Nf4 Bf8 25. Bg3 h6 26. Qb3 Kg7 27. Nd5
Nxd5 28. Rxd5 Rxd5 29. Qxd5 c5 30. Qc6 Qe6 31. Qb7 Qb3 32. a5 Qd1+ 33. Kh2 bxa5
34. Be5+ Kg8 35. Qxa6 Bg7 36. Qa8+ Kh7 37. Qxe4 Bxe5+ 38. Qxe5 Qd2 39. Qxc5
Qxf2 40. Qxa5 Qxe3 41. Qc7 Kg7 42. b4 Qe2 43. c4 g5 44. b5 1-0

[Event "4NCL Online Division 2"]
[Site "online"]
[Date "2020.04.07"]
[Round "1.133"]
[White "Jones, Derek"]
[Black "Burrows, Nick"]
[Result "0-1"]
[WhiteElo "1964"]
[BlackElo "2072"]
[PlyCount "74"]
[EventDate "2020.04.07"]
[WhiteTeam "Rhyfelwyr Essyllwg"]
[BlackTeam "Schach Attack"]

1. c4 f5 2. Nc3 Nf6 3. g3 e6 4. Bg2 d5 5. d3 c6 6. Nf3 dxc4 7. dxc4 Qxd1+ 8.
Kxd1 Bc5 9. e3 O-O 10. b3 a5 11. Bb2 Bd7 12. Ke2 Be8 13. Nd4 Bh5+ 14. Bf3 Bxf3+
15. Nxf3 Nbd7 16. Rhd1 Rfd8 17. Na4 Be7 18. Ng5 Nf8 19. Rxd8 Rxd8 20. Rd1 Rxd1
21. Kxd1 Ng4 22. Nh3 Nxh2 23. Ke2 Ng4 24. f3 Nf6 25. Bc3 Bd8 26. Nf4 Kf7 27.
Nc5 b6 28. Ncd3 N8d7 29. Ne5+ Nxe5 30. Bxe5 g5 31. Nd3 Nd7 32. Bd4 Bf6 33. Bxf6
Kxf6 34. Nf2 Nc5 35. e4 fxe4 36. fxe4 h5 37. Ke3 Ke5 0-1

[Event "4NCL Online Division 2"]
[Site "online"]
[Date "2020.04.07"]
[Round "1.134"]
[White "MacQueen, Stuart"]
[Black "McGregor, John"]
[Result "1/2-1/2"]
[WhiteElo "2095"]
[BlackElo "1868"]
[PlyCount "102"]
[EventDate "2020.04.07"]
[WhiteTeam "Schach Attack"]
[BlackTeam "Rhyfelwyr Essyllwg"]

1. d4 d5 2. c4 dxc4 3. Nf3 c5 4. d5 b5 5. a4 Nf6 6. axb5 Qxd5 7. Nc3 Qxd1+ 8.
Kxd1 Nbd7 9. e4 Bb7 10. Bxc4 Nb6 11. Bd3 e6 12. Ke2 Be7 13. Be3 O-O 14. Nd2
Rfc8 15. h3 c4 16. Bc2 Bc5 17. Bf4 Bd4 18. g4 e5 19. Bg5 Nfd7 20. f3 f6 21. Be3
Bxe3 22. Kxe3 Nc5 23. Na2 a5 24. bxa6 Rxa6 25. Nb4 Rxa1 26. Rxa1 Ra8 27. Rxa8+
Bxa8 28. h4 Bb7 29. Bd1 Bc8 30. Nd5 Nxd5+ 31. exd5 Bb7 32. Be2 Bxd5 33. Bxc4
Bxc4 34. Nxc4 Kf7 35. b4 Nb7 36. Ke4 Ke6 37. h5 g6 38. hxg6 hxg6 39. b5 f5+ 40.
gxf5+ gxf5+ 41. Ke3 Kd5 42. Nb6+ Kc5 43. Nd7+ Kxb5 44. Nxe5 Kc5 45. Kf4 Nd6 46.
Ng6 Kd5 47. Ne7+ Ke6 48. Nxf5 Nxf5 49. Ke4 Ne7 50. f4 Kf6 51. f5 Nxf5 1/2-1/2

[Event "4NCL Online Division 2"]
[Site "online"]
[Date "2020.04.07"]
[Round "1.141"]
[White "Brady, Stephen"]
[Black "Whyte, Brian G"]
[Result "0-1"]
[WhiteElo "2287"]
[BlackElo "2048"]
[PlyCount "88"]
[EventDate "2020.04.07"]
[WhiteTeam "St Benildus A"]
[BlackTeam "Higgie's Heroes"]

1. e4 e5 2. Nf3 Nc6 3. Bc4 Bc5 4. c3 Nf6 5. d3 a5 6. h3 d6 7. Nbd2 O-O 8. Nf1
d5 9. exd5 Nxd5 10. Ng3 Nb6 11. Bb3 a4 12. Bc2 f6 13. O-O Be6 14. Ne4 Be7 15.
Be3 a3 16. b4 Nd5 17. Bb3 Kh8 18. Qc2 f5 19. Nc5 Bc8 20. Bxd5 Qxd5 21. c4 Qd6
22. b5 b6 23. bxc6 bxc5 24. Rab1 f4 25. Bc1 Bf5 26. Rb3 Rfd8 27. Ne1 f3 28. g4
Qg6 29. Nxf3 Bxd3 30. Rxd3 Qxd3 31. Qxd3 Rxd3 32. Nxe5 Rc3 33. Be3 Rc2 34. Ra1
Bf6 35. f4 g5 36. Bxc5 gxf4 37. Bd4 Rxc4 38. Ng6+ Kg7 39. Bxf6+ Kxf6 40. Nh4
Rc2 41. Nf3 Rb8 42. Nd4 Rcb2 43. Nb3 R8xb3 44. axb3 a2 0-1

[Event "4NCL Online Division 2"]
[Site "online"]
[Date "2020.04.07"]
[Round "1.143"]
[White "Venkatesan, Kavin"]
[Black "McMahon, Timothy P"]
[Result "1-0"]
[WhiteElo "1971"]
[BlackElo "1937"]
[PlyCount "49"]
[EventDate "2020.04.07"]
[WhiteTeam "St Benildus A"]
[BlackTeam "Higgie's Heroes"]

1. d4 Nf6 2. c4 g6 3. Nc3 Bg7 4. Nf3 O-O 5. Bg5 d6 6. e3 h6 7. Bh4 g5 8. Bg3 c5
9. Qc2 Nh5 10. O-O-O cxd4 11. Nxd4 Qa5 12. Be2 Nxg3 13. hxg3 Nc6 14. Nd5 Qxa2
15. Nxc6 bxc6 16. Nxe7+ Kh8 17. Nxc6 Bf5 18. Rxh6+ Bxh6 19. Qxf5 Qa1+ 20. Kc2
Qa4+ 21. Kb1 Kg7 22. Rxd6 Rh8 23. Qf6+ Kg8 24. Ne7+ Kh7 25. Bd3# 1-0

[Event "4NCL Online Division 2"]
[Site "online"]
[Date "2020.04.07"]
[Round "1.144"]
[White "Lovatt, Peter G"]
[Black "Lyons, Brendan"]
[Result "0-1"]
[WhiteElo "1787"]
[BlackElo "1941"]
[PlyCount "46"]
[EventDate "2020.04.07"]
[WhiteTeam "Higgie's Heroes"]
[BlackTeam "St Benildus A"]

1. e4 d5 2. exd5 Nf6 3. c4 e6 4. d4 exd5 5. Nf3 Bb4+ 6. Bd2 Bxd2+ 7. Nbxd2 O-O
8. Be2 Re8 9. O-O Bg4 10. Re1 Ne4 11. cxd5 Nd7 12. Nxe4 Rxe4 13. d6 cxd6 14.
Qb3 Nb6 15. Bb5 Be6 16. Qd3 Rxe1+ 17. Rxe1 a6 18. d5 Nxd5 19. Ba4 Rc8 20. Nd4
Qa5 21. Qe2 Qxa4 22. Nxe6 Re8 23. Qg4 Qxg4 0-1

[Event "4NCL Online Division 2"]
[Site "online"]
[Date "2020.04.07"]
[Round "1.151"]
[White "Salmons, Calum"]
[Black "Pye, David E"]
[Result "0-1"]
[WhiteElo "2065"]
[BlackElo "2055"]
[PlyCount "82"]
[EventDate "2020.04.07"]
[WhiteTeam "Sussex Starlings"]
[BlackTeam "Wessex Some Stars A"]

1. e4 e6 2. Nf3 b6 3. Nc3 Bb7 4. d3 d5 5. g3 dxe4 6. Nxe4 Bxe4 7. dxe4 Qxd1+ 8.
Kxd1 Bc5 9. Ne5 Nf6 10. Bb5+ c6 11. Bd3 Bxf2 12. Rf1 Bc5 13. Ke2 O-O 14. c3
Nfd7 15. Nf3 Bd6 16. Be3 Ne5 17. Bf4 Nxd3 18. Bxd6 Rd8 19. e5 Nxb2 20. Ng5 Rd7
21. Nxe6 Na6 22. Nd4 Re8 23. Kf3 Nc4 24. Rfe1 c5 25. Nf5 g6 26. Nh6+ Kg7 27.
Ng4 Re6 28. Nf6 Rdxd6 29. Ne8+ Rxe8 30. exd6 Nxd6 31. Red1 Nc4 32. Kf2 Nb8 33.
Rd5 Re7 34. Rd8 Nc6 35. Rc8 N6e5 36. Rd1 Ng4+ 37. Kg1 Re2 38. Kf1 Rxa2 39. Rdd8
Nxh2+ 40. Ke1 Ne3 41. Rg8+ Kh6 0-1

[Event "4NCL Online Division 2"]
[Site "online"]
[Date "2020.04.07"]
[Round "1.152"]
[White "Pleasants, Allan J"]
[Black "Howell, Oliver W"]
[Result "1/2-1/2"]
[WhiteElo "2001"]
[BlackElo "2057"]
[PlyCount "54"]
[EventDate "2020.04.07"]
[WhiteTeam "Wessex Some Stars A"]
[BlackTeam "Sussex Starlings"]

1. Nf3 Nf6 2. g3 c5 3. Bg2 g6 4. O-O Bg7 5. d3 O-O 6. e4 d6 7. Nbd2 Nc6 8. Re1
Qc7 9. c3 Rb8 10. a4 a6 11. Nc4 Ng4 12. h3 b5 13. axb5 axb5 14. Ne3 Nxe3 15.
Bxe3 b4 16. d4 bxc3 17. bxc3 Bd7 18. Rb1 Rxb1 19. Qxb1 Rb8 20. Qc1 Qa5 21. Bh6
cxd4 22. Bxg7 Kxg7 23. cxd4 Nb4 24. Qd2 Qa3 25. Qc1 Qa5 26. Qd2 Qa3 27. Qc1 Qa5
1/2-1/2

[Event "4NCL Online Division 2"]
[Site "online"]
[Date "2020.04.07"]
[Round "1.153"]
[White "Sutton, Daniel"]
[Black "Westrap, Christian F"]
[Result "0-1"]
[WhiteElo "2005"]
[BlackElo "2057"]
[PlyCount "106"]
[EventDate "2020.04.07"]
[WhiteTeam "Sussex Starlings"]
[BlackTeam "Wessex Some Stars A"]

1. e4 c6 2. d4 d5 3. f3 e6 4. Nc3 Nf6 5. Bg5 Be7 6. e5 Nfd7 7. Bxe7 Qxe7 8. f4
O-O 9. Nf3 a6 10. Bd3 f5 11. O-O c5 12. Kh1 Nc6 13. dxc5 Nxc5 14. Ne2 Bd7 15.
Ned4 Ne4 16. c3 Nxd4 17. Nxd4 Qh4 18. Qe1 Qh6 19. Qe3 Kh8 20. Bxe4 dxe4 21.
Rad1 Rfd8 22. Rd2 Qh4 23. Rfd1 Qe7 24. Qg3 h6 25. Qe3 Rac8 26. Nb3 Ba4 27. Rd6
Bxb3 28. axb3 Rxd6 29. Rxd6 Kg8 30. g3 Rd8 31. Qd4 Rxd6 32. exd6 Qd7 33. c4 Kf8
34. Kg1 Ke8 35. Kf2 Kf8 36. Ke3 Ke8 37. Qe5 Kf7 38. Qc5 Qc6 39. Qd4 Qd7 40. h3
h5 41. Qb6 Qc6 42. Qc7+ Kf8 43. Qe7+ Kg8 44. Qxe6+ Kh8 45. b4 Qb6+ 46. c5 Qxb4
47. Qe8+ Kh7 48. Qxh5+ Kg8 49. Qe8+ Kh7 50. Qe5 Qe1+ 51. Kd4 Qb4+ 52. Kd5 Qb3+
53. Kd4 Qd3# 0-1

[Event "4NCL Online Division 2"]
[Site "online"]
[Date "2020.04.07"]
[Round "1.154"]
[White "Pentakota, Rajasekhar"]
[Black "Bennet-Stevens, Lucy"]
[Result "1-0"]
[WhiteElo "1858"]
[BlackElo "1975"]
[PlyCount "139"]
[EventDate "2020.04.07"]
[WhiteTeam "Wessex Some Stars A"]
[BlackTeam "Sussex Starlings"]

1. c4 Nf6 2. Nc3 e6 3. g3 d5 4. cxd5 exd5 5. d4 Be7 6. Bg2 O-O 7. Nf3 c6 8. O-O
Nbd7 9. Qc2 Re8 10. Re1 Nf8 11. e4 dxe4 12. Nxe4 Ne6 13. Be3 Nd5 14. a3 Nf8 15.
Rad1 g6 16. Nc5 b6 17. Nd3 Bb7 18. Nfe5 Rc8 19. Rc1 f6 20. Nf3 Kg7 21. Nf4 Bd6
22. Nxd5 cxd5 23. Qd2 Qd7 24. Bf4 Rxc1 25. Rxc1 Ne6 26. Be3 Rc8 27. h4 Rxc1+
28. Qxc1 Qb5 29. Bh3 Kf7 30. Bf1 Qa4 31. Bd3 Qb3 32. Qc2 Qxc2 33. Bxc2 Ba6 34.
Kg2 Ke7 35. h5 f5 36. hxg6 hxg6 37. Nh4 Kf6 38. f4 Be7 39. g4 Ng7 40. g5+ Kf7
41. Nf3 Ne6 42. Ne5+ Kg7 43. Nc6 Bd6 44. Kf3 Bb7 45. Nxa7 Nc7 46. Ba4 Kf8 47.
Nb5 Bc6 48. Nc3 b5 49. Bb3 b4 50. axb4 Bxb4 51. Ke2 Ke7 52. Bd2 Kd6 53. Na4
Bxd2 54. Kxd2 Ne6 55. Ke3 Bb5 56. Nc3 Bc6 57. Ne2 Bb5 58. Ng1 Bc4 59. Bc2 Kc6
60. Nf3 Kb5 61. Ne5 Nf8 62. Bd3 Kb4 63. Bxc4 dxc4 64. Kd2 Kb3 65. d5 Nd7 66.
Nxd7 Kxb2 67. Ne5 c3+ 68. Ke2 c2 69. Nd3+ Kc3 70. d6 1-0

[Event "4NCL Online Division 2"]
[Site "online"]
[Date "2020.04.07"]
[Round "1.161"]
[White "Stepanyan, Henrik"]
[Black "Pink, Joshua"]
[Result "1/2-1/2"]
[WhiteElo "2237"]
[BlackElo "2042"]
[PlyCount "75"]
[EventDate "2020.04.07"]
[WhiteTeam "Wood Green Youth"]
[BlackTeam "Throw in the Tal"]

1. d4 d5 2. c4 dxc4 3. e3 e5 4. Bxc4 exd4 5. exd4 Bd6 6. Nf3 Nf6 7. O-O O-O 8.
Nc3 Nc6 9. h3 h6 10. Qc2 Nb4 11. Qb1 Be6 12. Bxe6 fxe6 13. Re1 Qd7 14. a3 Nbd5
15. Ne5 Bxe5 16. dxe5 Nxc3 17. bxc3 Nd5 18. Qxb7 Qf7 19. Be3 Nxe3 20. fxe3 Qf2+
21. Kh1 Rab8 22. Qa6 Rb6 23. Qxa7 Rb2 24. Rg1 Qg3 25. Rab1 Re2 26. Rb8 Qxe5 27.
Rxf8+ Kxf8 28. Qb8+ Ke7 29. Rf1 Rxe3 30. Qf8+ Kd7 31. Rd1+ Kc6 32. Qa8+ Kc5 33.
Qa5+ Kc6 34. Qa4+ Kc5 35. Qa7+ Kc6 36. Qa8+ Kc5 37. Qf8+ Kc6 38. Qa8+ 1/2-1/2

[Event "4NCL Online Division 2"]
[Site "online"]
[Date "2020.04.07"]
[Round "1.162"]
[White "Ireland, David J"]
[Black "Woodhouse, Stephen V"]
[Result "1/2-1/2"]
[WhiteElo "2020"]
[BlackElo "1862"]
[PlyCount "86"]
[EventDate "2020.04.07"]
[WhiteTeam "Throw in the Tal"]
[BlackTeam "Wood Green Youth"]

1. e4 e6 2. c4 d5 3. exd5 exd5 4. cxd5 Nf6 5. Nc3 Nxd5 6. Bc4 Be6 7. Qb3 Nxc3
8. Bxe6 Qe7 9. dxc3 Qxe6+ 10. Qxe6+ fxe6 11. Bf4 Bd6 12. Bg3 Nc6 13. O-O-O
O-O-O 14. Nf3 h6 15. Rhe1 Bxg3 16. hxg3 Rxd1+ 17. Kxd1 Rd8+ 18. Kc2 Kd7 19.
Ne5+ Nxe5 20. Rxe5 Rf8 21. f3 Rf5 22. Re4 Kd6 23. Kd3 Rd5+ 24. Ke3 Rd1 25. Rd4+
Rxd4 26. Kxd4 e5+ 27. Ke4 Ke6 28. g4 c6 29. g3 g6 30. b3 b6 31. a3 Kd6 32. Kd3
b5 33. a4 a5 34. Ke4 Ke6 35. Ke3 Kd5 36. Kd3 Kc5 37. Ke4 Kd6 38. Ke3 Kd5 39.
Kd3 bxa4 40. bxa4 c5 41. c4+ Kd6 42. Ke3 Ke7 43. Kd3 Kd7 1/2-1/2

[Event "4NCL Online Division 2"]
[Site "online"]
[Date "2020.04.07"]
[Round "1.163"]
[White "Guha, Chirag"]
[Black "Graff, Ben"]
[Result "1-0"]
[WhiteElo "1807"]
[BlackElo "1892"]
[PlyCount "101"]
[EventDate "2020.04.07"]
[WhiteTeam "Wood Green Youth"]
[BlackTeam "Throw in the Tal"]

1. d4 d5 2. c4 e6 3. Nf3 Nf6 4. g3 Bb4+ 5. Bd2 Bxd2+ 6. Qxd2 Ne4 7. Qc2 c6 8.
Bg2 Qa5+ 9. Nbd2 Nd7 10. O-O Nxd2 11. Nxd2 O-O 12. Rfd1 Re8 13. e4 Nf6 14. e5
Nd7 15. f4 f6 16. Nf3 f5 17. h3 b5 18. b3 Ba6 19. c5 Qd8 20. b4 Bb7 21. g4 g6
22. a4 a5 23. axb5 axb4 24. b6 Ra3 25. Rxa3 bxa3 26. Ra1 fxg4 27. hxg4 Rf8 28.
Qc1 Qe7 29. Rxa3 Rb8 30. Ra7 Qg7 31. Bf1 Kh8 32. Ba6 Bxa6 33. Rxa6 Rb7 34. Ra8+
Nf8 35. Kg2 h6 36. Qa1 Qf7 37. Kg3 Kg7 38. Ra7 h5 39. Rxb7 Qxb7 40. Qa7 Qf7 41.
Qxf7+ Kxf7 42. gxh5 gxh5 43. Kh4 Kg6 44. b7 Nd7 45. Ng5 Kf5 46. Kg3 h4+ 47.
Kxh4 Kxf4 48. Nxe6+ Kf5 49. Ng5 Nb8 50. Kh5 Nd7 51. e6 1-0

[Event "4NCL Online Division 2"]
[Site "online"]
[Date "2020.04.07"]
[Round "1.164"]
[White "Woolgar, Steven G"]
[Black "Desai, Nilomi"]
[Result "0-1"]
[WhiteElo "1615"]
[BlackElo "1624"]
[PlyCount "54"]
[EventDate "2020.04.07"]
[WhiteTeam "Throw in the Tal"]
[BlackTeam "Wood Green Youth"]

1. c4 e5 2. Nc3 Nc6 3. g3 Nf6 4. Bg2 Bc5 5. Nf3 d6 6. O-O O-O 7. d3 Bg4 8. Bg5
h6 9. Bxf6 Qxf6 10. Ne4 Qe6 11. Nxc5 dxc5 12. Qb3 b6 13. e3 Rad8 14. Rfe1 Qd7
15. Rad1 Qf5 16. Nh4 Bxd1 17. Rxd1 Qe6 18. Bd5 Qf6 19. Qa4 Ne7 20. Bg2 Qd6 21.
Qxa7 g5 22. Nf3 Ra8 23. Qb7 c6 24. Nxe5 Qxe5 25. Bxc6 Rab8 26. d4 cxd4 27. exd4
Qe2 0-1

[Event "4NCL Online Division 2"]
[Site "online"]
[Date "2020.06.09"]
[Round "10.11"]
[White "Hampton, Christopher"]
[Black "Brown, Thomas"]
[Result "0-1"]
[WhiteElo "1982"]
[BlackElo "2129"]
[PlyCount "92"]
[EventDate "2020.06.09"]
[WhiteTeam "Anglian Avengers 2"]
[BlackTeam "Rhyfelwyr Essyllwg"]

1. d4 Nf6 2. c4 g6 3. Nc3 Bg7 4. e4 d6 5. h3 O-O 6. Be3 c5 7. d5 Qa5 8. Bd3 a6
9. Bd2 b5 10. Nxb5 Qb6 11. Nc3 Qxb2 12. Rb1 Qa3 13. Qb3 Qxb3 14. Rxb3 e6 15.
Nge2 exd5 16. exd5 Nbd7 17. Bf4 Ne5 18. Bxe5 dxe5 19. O-O Re8 20. Ng3 h5 21.
Nge4 Nxe4 22. Nxe4 Bf5 23. Re1 Bxe4 24. Bxe4 f5 25. Bc2 e4 26. Rb6 Kh7 27. g4
Rab8 28. Rxb8 Rxb8 29. gxf5 gxf5 30. f3 Rb2 31. Re2 Kh6 32. fxe4 fxe4 33. d6
Bd4+ 34. Kf1 Rb6 35. d7 Rd6 36. Rxe4 Rxd7 37. Re6+ Kg5 38. Rxa6 Rf7+ 39. Ke1
Rf3 40. Rg6+ Kf4 41. h4 Bf2+ 42. Ke2 Bxh4 43. Rh6 Rf2+ 44. Kd1 Kg4 45. Rg6+ Bg5
46. a4 Rd2+ 0-1

[Event "4NCL Online Division 2"]
[Site "online"]
[Date "2020.06.09"]
[Round "10.12"]
[White "Hewitt, William"]
[Black "Marshall, Michael"]
[Result "1-0"]
[WhiteElo "1997"]
[BlackElo "1840"]
[PlyCount "59"]
[EventDate "2020.06.09"]
[WhiteTeam "Rhyfelwyr Essyllwg"]
[BlackTeam "Anglian Avengers 2"]

1. e4 c5 2. Nf3 e6 3. d4 cxd4 4. Nxd4 Nc6 5. Nc3 Qc7 6. Be3 a6 7. Qf3 Nf6 8.
O-O-O Be7 9. Kb1 b5 10. e5 Nd5 11. Nxd5 exd5 12. Nf5 Bf8 13. Rxd5 Nb4 14. Rd2
Bb7 15. Qg3 Rc8 16. Nxg7+ Bxg7 17. Qxg7 Rf8 18. Bh6 Qc5 19. Qxf8+ Qxf8 20. Bxf8
Kxf8 21. Bd3 Nxd3 22. cxd3 Bxg2 23. Rc1 Re8 24. f4 Bc6 25. b3 Ke7 26. d4 Ke6
27. Kb2 a5 28. Rc5 Bd5 29. Rxb5 Ra8 30. f5+ 1-0

[Event "4NCL Online Division 2"]
[Site "online"]
[Date "2020.06.09"]
[Round "10.13"]
[White "Kerr, Rowland"]
[Black "May, Adam J"]
[Result "0-1"]
[WhiteElo "1802"]
[BlackElo "1950"]
[PlyCount "36"]
[EventDate "2020.06.09"]
[WhiteTeam "Anglian Avengers 2"]
[BlackTeam "Rhyfelwyr Essyllwg"]

1. d4 d5 2. c4 e6 3. Nc3 c6 4. Bf4 dxc4 5. e4 b5 6. a4 Bb4 7. axb5 cxb5 8. Nf3
Nf6 9. e5 Nd5 10. Bd2 Nxc3 11. bxc3 Be7 12. Be2 Bb7 13. h4 h6 14. g3 a5 15. Qb1
Qd5 16. Rg1 Nc6 17. Nh2 b4 18. Bf3 Qb5 0-1